| 000 | 00342nam a2200109Ia 4500 | ||
|---|---|---|---|
| 008 | 171211s9999 xx 000 0 und d | ||
| 245 | _aBraids, Buns, and Twists!: Step-by-Step Tutorials for 82 Fabulous Hairstyles | ||
| 245 | _cChristina Butcher | ||
| 260 | _c2013 | ||
| 650 | _xHobbies | ||
| 856 | _uhttp://down.ebook777.com/063/1452124841.pdf | ||
| 999 |
_c350341 _d350341 |
||